000 00579nam a2200217Ia 4500
003 OSt
005 20250424111610.0
008 210423s2010 xx 000 0 und d
020 _a9788120302624
040 _cAL
041 _aeng
082 _a530.15
_223
_b HARI
100 _aCharlie Harper
_997886
245 _aIntroduction to mathematical physics
260 _aNew Delhi
_bPHI Learning Pvt Ltd
_c2010
300 _axvi,301
_bPB
365 _b175
_cINR
650 _aMathematical Physics
_997887
906 _aIntroduction ; mathematical ; physics.
942 _2ddc
_cBK
999 _c162081
_d162081